| 000 | 00586nam a22001937a 4500 | ||
|---|---|---|---|
| 003 | OSt | ||
| 005 | 20260423045030.0 | ||
| 008 | 260423b |||||||| |||| 00| 0 eng d | ||
| 020 | _a0-07-242652-7. | ||
| 040 |
_aDWC-Admin lib _cOC |
||
| 082 | _aCirc. 301 K849a 2002 | ||
| 100 | _aKottak, Conrad P. | ||
| 245 |
_aAnthropology: _bthe exploration of human diversity / _cConrad P. Kottak |
||
| 260 |
_aBoston: _b McGraw Hill |
||
| 300 |
_axxix, 738 p. : _bcol. ill. ; _c25 cm. |
||
| 504 | _aIncludes index. | ||
| 650 | _a1. Anthropology. | ||
| 942 |
_2ddc _cBK-CIRC _e 9th ed. _hCirc. _n0 |
||
| 999 |
_c9779 _d9779 |
||